Instrumento publico electronico (Registro nro. 19385)

Detalles MARC
000 -LEADER
fixed length control field 01239nmm a2200313 a 4500
001 - CONTROL NUMBER
control field 0000019947
003 - CONTROL NUMBER IDENTIFIER
control field CO-CtgCURN
005 - DATE AND TIME OF LATEST TRANSACTION
control field 20250512165820.0
007 - PHYSICAL DESCRIPTION FIXED FIELD--GENERAL INFORMATION
fixed length control field co cga---uuuuu
008 - FIXED-LENGTH DATA ELEMENTS--GENERAL INFORMATION
fixed length control field 160627s2002 i eng d
020 ## - INTERNATIONAL STANDARD BOOK NUMBER
International Standard Book Number 8476768826
040 ## - CATALOGING SOURCE
Original cataloging agency CO-CtgCURN
Language of cataloging spa
Transcribing agency coctgcurn
082 0# - DEWEY DECIMAL CLASSIFICATION NUMBER
Classification number 343.034
Item number G137i
100 1# - MAIN ENTRY--PERSONAL NAME
Personal name Gaete González, Eugenio Alberto.
245 10 - TITLE STATEMENT
Title Instrumento publico electronico
Medium [electronic resource] /
Statement of responsibility, etc. Eugenio Alberto Gaete González.
250 ## - EDITION STATEMENT
Edition statement 2a ed.
260 ## - PUBLICATION, DISTRIBUTION, ETC.
Place of publication, distribution, etc. Barcelona :
Name of publisher, distributor, etc. Bosch,
Date of publication, distribution, etc. 2002.
300 ## - PHYSICAL DESCRIPTION
Extent 563 p + 1 Cd - Rom.
336 ## - CONTENT TYPE
Source rdacontent
337 ## - MEDIA TYPE
Source rdamedia
Media type term sin mediacion
Media type code n
338 ## - CARRIER TYPE
Source rdacarrier
Carrier type term volumen
Carrier type code nc
504 ## - BIBLIOGRAPHY, ETC. NOTE
Bibliography, etc. note Bibliografia (p. 529-563)
505 8# - FORMATTED CONTENTS NOTE
Formatted contents note El documento en general.--El documento informatico.--Teoria general del instrumento informatico.--Efectos del instrumento publico electronico su valor probatorio.--La prueba en el documento electronico
650 #0 - SUBJECT ADDED ENTRY--TOPICAL TERM
Topical term or geographic name entry element Documentos publicos electronicos
Form subdivision Legislacion
Geographic subdivision España.
908 ## - PUT COMMAND PARAMETER (RLIN)
Put command parameter 160627
942 ## - ADDED ENTRY ELEMENTS (KOHA)
Koha item type Libros
Classification part 343.034
Item part G137i
Source of classification or shelving scheme Dewey Decimal Classification
Suppress in OPAC No
Existencias
Withdrawn status Lost status Source of classification or shelving scheme Damaged status Not for loan Collection Home library Current library Shelving location Date acquired Total checkouts Full call number Barcode Date last seen Copy number Price effective from Koha item type Public note Inventory number
    Dewey Decimal Classification     General Miguel Henríquez Castañeda Miguel Henríquez Castañeda General 03/31/2025   343.034 G137i CDLI000409 03/31/2025 ej.1 03/31/2025 Libros 340-DEREC  
    Dewey Decimal Classification     General Miguel Henríquez Castañeda Miguel Henríquez Castañeda General 03/31/2025   343.034 G137i 004219 03/31/2025 ej.2 03/31/2025 Libros 340-DEREC 004219